UEFA Ultimate Team of the Year - Statistics

Statistiche generali
  • Questo quiz è stato fatto 16 volte
  • Il punteggio medio è 11 su 11
Statistiche sulle risposte
Ruolo Nazione Squadra Calciatore % Corretto
Centrocampista Spagna Barcellona Andrés Iniesta
100%
Difensore Spagna Barcellona Carles Puyol
100%
Portiere Spagna Real Madrid Iker Casillas
100%
Centrocampista Inghilterra Liverpool Steven Gerrard
100%
Attaccante Francia Arsenal Thierry Henry
100%
Centrocampista Spagna Barcellona Xavi
100%
Difensore Italia Lazio / Milan Alessandro Nesta
94%
Attaccante Portogallo Manchester United / Barcellona Cristiano Ronaldo
94%
Attaccante Argentina Barcellona Lionel Messi
94%
Difensore Germania Bayern Monaco Philipp Lahm
94%
Difensore Spagna Real Madrid Sergio Ramos
88%
Nessun quiz corrispondente trovato
Distribuzione punteggi
Percentuale di utenti per punteggio
Percentile per numero di risposta
I tuoi punteggi nel tempo
Non hai fatto questo quiz